000 00835nam a2200205 a 4500
001 52525
005 20180714042415.0
008 140415s1999 sp 000 0 spa d
020 _a9788449307638
041 _aspa
082 _a658.45
_bCOS
100 1 _aCOSTA, JOAN
245 1 3 _aLA COMUNICACION EN ACCION :
_bINFORME SOBRE LA NUEVA CULTURA DE LA GESTION
250 _a1a ed.
260 _aESPAÑA :
_bPAIDOS,
_c1999
300 _a171
_c15.5 x 0.8 x 23.4
490 _aCOLECCION CONSTRUCCION HUMANA
520 _aESTE INFORME SOBRE LA NUEVA CULTURA DE LA GESTION ABRE POR PRIMERA VEZ UNA PERSPECTIVA DONDE SE INTEGRAN LAS ESTRATEGIAS DE LA ACCION Y DE LA COMUNICACION EN UNA FUERZA UNITARIA.
650 1 4 _aCIENCIAS ADMINISTRATIVAS
_xCOMUNICACION ORGANIZACIONAL
_xEMPRESAS
_xADMINISTRACION
_xIDENTIDAD CORPORATIVA
999 _c52525
_d52525